| 000 | 00918cab a2200313 4500 | ||
|---|---|---|---|
| 001 | ABS56276 | ||
| 008 | 090401t1996 xxu||||| |||| 00| 0 eng d | ||
| 035 | _a(Sirsi) u22475 | ||
| 041 | _aeng | ||
| 100 | _aBond, S. | ||
| 245 | _aEffect of non-domestic rates on commercial property rents: an empirical study | ||
| 260 | _c1996 | ||
| 350 | _a0 | ||
| 490 |
_aJournal of Property Valuation and Investment _v14(4) 1996, 18-30(13) |
||
| 520 | _aConsiders the effect of business rates on the level of openly negotiated market rents. References. | ||
| 650 | _aBUSINESS RATES | ||
| 650 | _aPROPERTY-COMMERCIAL PROPERTY | ||
| 650 | _aIMPACT | ||
| 650 | _aMARKET RENTS | ||
| 650 | _aNON-DOMESTIC RATES | ||
| 650 | _aRENTAL VALUES | ||
| 650 | _aRESEARCH | ||
| 690 | _aRATING AND VALUATION | ||
| 700 | _aDenny, K. | ||
| 700 | _aHall, J. | ||
| 700 | _aMcCluskey, W. | ||
| 942 | _n0 | ||
| 948 | _c04/03/1997 | ||
| 999 |
_c15059 _d15059 |
||